Friday Night Dinner Quiz 2 - Statistics

General Stats
  • This quiz has been taken 854 times
  • The average score is 6 of 16
Answer Stats
Hint Answer % Correct
What colour was Auntie Val’s dress? Red
94%
How many Biscuits did Jim ask for? 12
83%
What Country was the winner of Masterchef from? Greece
59%
Jim gave Jackie a statue of what animal? Zebra
48%
What article of clothing did Adam put in Johnnys was to turn them pink? Glove
44%
Finish the name of this character... Quiet? Sue
41%
What University did Martin attend? Leeds
40%
What day and date did the sofa bed man come? Friday 5th
27%
Where was Jonny formed? Behind the Butchers
23%
Jim’s antique tea set belonged to who? Marie Antoinette
22%
What was the name of the pet bunny martins mother cooked? Flopsy
17%
What did Martin think Johnny’s (Male) boss was called? Nick slater
16%
Where was Lisa from? San Francisco
15%
What 3 thing did Martin buy 100 of? In order of Adam finding out. Tomatoes, Bleach and Ketchup
14%
What colour was Martins boxers in the Anniversary episode? Green and Blue
10%
What was the name of the estate agents johnny works for when he got his first company car? Garvins
6%
No matching quizzes found
Score Distribution
Percent of People with Each Score
Percentile by Number Answered
Your Score History
You have not taken this quiz